Gares sur la ligne de Nice à Tende - Statistiques

Statistiques générales
  • Ce quiz a été pris 29 fois
  • Le résultat moyen est 10 sur 16
Statistiques - réponses
Gare % Correct
Tende
95%
Breil-sur-Roya
86%
Nice-Ville
86%
Sospel
77%
La Brigue
68%
Saint-Dalmas-de-Tende
64%
La Trinité-Victor
59%
L'Escarène
59%
Nice-Pont-Michel
59%
Fontan-Saorge
55%
Peille
50%
Drap - Cantaron
45%
Touët-de-l'Escarène
45%
Halte-de-Fontanil - Lycée-de-Drap
36%
L'Ariane - La Trinité
36%
Peillon-Sainte-Thècle
27%
Aucun quiz correspondant
Distribution des résultats
% des personnes avec chaque résultat
Percentile par nombre de réponses
Votre historique - résultats
Vous n’avez pas pris ce quiz